000 00404nam a2200169 a 4500
001 6420
003 CO-ViMGA
008 141112s2004 ck r 000 u spa d
040 _aCO-ViMGA
_bspa
_cCO-ViMGA
082 0 4 _a294.3 I432
100 1 _aIkeda, Daisaku
_95192
245 1 0 _aEl budismo chino
260 _aBuenos Aires :
_bEmece,
_c1993
300 _a221 p
650 1 4 _aBUDISMO
_978
942 _2ddc
_cBK
999 _c18390
_d18390